Vysoká škola

Salvato in:
Dettagli Bibliografici
Natura: Periodico
Lingua:ceco
Pubblicazione: Praha Stát. ped. nakl. 1989/1990
Tags: Aggiungi Tag
Nessun Tag, puoi essere il primo ad aggiungerne!!

MARC

LEADER 00000nas2a2200000 4500
001 s026251
005 20250730114135.2
041 0 |a cze 
044 |a CZ 
245 1 0 |a Vysoká škola 
264 1 |a Praha  |b Stát. ped. nakl.  |c 1989/1990 
300 |a 1 zv. 
773 0 |w eu_un_cat*s120467